Welcome to the Holygrace Academy Library

Please use search bar below to get started

AT THE SIGN OF THE SUGARED PLUM (Record no. 2401)

MARC details
000 -LEADER
fixed length control field 00563nam a22001457a 4500
020 ## - INTERNATIONAL STANDARD BOOK NUMBER
ISBN 978-1-4088-1371-3
082 ## - DEWEY DECIMAL CLASSIFICATION NUMBER
Classification number 823
Item number HOO/A
100 ## - MAIN ENTRY--AUTHOR NAME
Personal name HOOPER,MARY
245 ## - TITLE STATEMENT
Title AT THE SIGN OF THE SUGARED PLUM
260 ## - PUBLICATION, DISTRIBUTION, ETC. (IMPRINT)
Place of publication LONDON
Name of publisher BLOOMSBURY
300 ## - PHYSICAL DESCRIPTION
Number of Pages 168
520 ## - SUMMARY, ETC.
Summary, etc This story is historical fiction and it tells the story of the London plague beautifully. The basic plot is: Sarah, Hannah's sister, owns a sweet meat shop in London. For the summer, Hannah wants to go live with Sarah and help with her shop.
650 ## - SUBJECT ADDED ENTRY--TOPICAL TERM
Topical Term NOVEL,ENGLISH
Geographic subdivision LONDON
942 ## - ADDED ENTRY ELEMENTS (KOHA)
Koha item type Books
Holdings
Withdrawn status Lost status Collection code Home library Current library Shelving location Date acquired Source of acquisition Full call number Accession Number Koha item type
    Fiction Main Library Main Library SHELF-2-D ENGLIAH NOVELS FOR TEACHERS 13/03/2014 PURCHASE 823 HOO/A 07893 Books